Rotaļas ar zīmēm vai zīmju rotaļas ar mums

Titel: Rotaļas ar zīmēm vai zīmju rotaļas ar mums / Ira Ozola
Verfasser:
Veröffentlicht: [Rīga : Savija], [2014]
Umfang: 62 Seiten : Illustrationen
Format: Buch
Sprache: Lettisch
Schlagworte:
ISBN: 9789934140402
Buchumschlag
X
alg: 40027530
001A    $03004:06-03-17 
001B    $01999:22-03-17 $t11:30:22.000 
001C    $03004:06-03-17 $t12:33:26.000 
001D    $03004:06-03-17 
001U    $0utf8 
001X    $00 
002@    $0Aau 
002C    $aText $btxt $2rdacontent 
002D    $aohne Hilfsmittel zu benutzen $bn $2rdamedia 
002E    $aBand $bnc $2rdacarrier 
003@    $0400275309 
003O    $0883445369 $aOCoLC 
004A    $A978-9934-14-040-2 
007A    $0400275309 $aHEB 
007G    $0DE0209DAC7125470FC0C9C12580EA004C74F9 
009P    $qapplication/pdf $A2 $3Inhaltsverzeichnis $uhttp://scans.hebis.de/HEBCGI/show.pl?40027530_toc.pdf $mV:DE-603;B:DE-Mb50 
010@    $alav 
010E    $erda 
011@    $a2014 $n[2014] 
021A    $aRotaļas ar zīmēm vai zīmju rotaļas ar mums $hIra Ozola 
028A    $BVerfasser $4aut $7 $8Ozola, Ira [Tnu] $9400274957 
033A    $p[Rīga $nSavija] 
034D    $a62 Seiten 
034M    $aIllustrationen 
037A    $aLiteraturverzeichnis Seite 52-53 
044K    $#Lettland $#Lettland $#Latvija $#Latvijas Republika $#Lettische Republik $#Lettische SSR $#Latvijskaja SSR $74074187-4 $8Lettland [Tg1] $9085208876 
044K    $#Lace and lace making $#Dentelle $74125118-0 $8Spitze$gTextilien [Ts1] $9085420301 
044K    $RMythos $#Mythology $#Mythologie $#Mitologia $#Mitología $#Mythologie $#Göttersage $74041005-5 $8Mythologie [Ts1] $9085112143 
044K    $RSymbolik $RZeichen $#Signs and symbols $#Signes et symboles $#Signos y símbolos $#Symbol $#Sinnbild $#Symbole $74058716-2 $8Symbol [Ts1] $9085163295 
046L    $aZusammenfassung in englischer Sprache 

lok: 40027530 24

exp: 40027530 24 1 #EPN
201B/01 $006-03-17 $t11:31:07.000 
201C/01 $006-03-17 
201U/01 $0utf8 
203@/01 $0802079393 
208@/01 $a06-03-17 $bz 
209A/01 $a17.00657 $du $f050 $h17 00657 $x00 
209C/01 $a17.00657 T $h17 00657 T 
209G/01 $a73112184 $x00 
220C/01 $amar 
247C/01 $8358050-7 Marburg, Bibliothek des Herder-Instituts Marburg $9102600961
LEADER 00000cam a2200000 c 4500
001 400275309
003 DE-603
005 20170322113022.0
007 tu
008 170306s2014 xx |||| | u00||u|lav c
020 |a 9789934140402 
035 |a (DE-599)HEB400275309 
035 |a (OCoLC)883445369 
040 |a DE-603  |b ger  |c DE-603  |d DE-603  |e rda 
041 |a lav 
100 1 |a Ozola, Ira  |e Verfasser  |4 aut  |0 (DE-603)400274957 
245 0 0 |a Rotaļas ar zīmēm vai zīmju rotaļas ar mums  |c Ira Ozola 
264 1 |a [Rīga  |b Savija]  |c [2014] 
300 |a 62 Seiten  |b Illustrationen 
336 |a Text  |b txt  |2 rdacontent 
337 |a ohne Hilfsmittel zu benutzen  |b n  |2 rdamedia 
338 |a Band  |b nc  |2 rdacarrier 
500 |a Literaturverzeichnis Seite 52-53 
546 |a Zusammenfassung in englischer Sprache 
650 7 |a Spitze  |g Textilien  |0 (DE-588)4125118-0  |0 (DE-603)085420301  |2 gnd 
650 7 |a Mythologie  |0 (DE-588)4041005-5  |0 (DE-603)085112143  |2 gnd 
650 7 |a Symbol  |0 (DE-588)4058716-2  |0 (DE-603)085163295  |2 gnd 
651 7 |a Lettland  |0 (DE-588)4074187-4  |0 (DE-603)085208876  |2 gnd 
856 4 2 |m V:DE-603;B:DE-Mb50  |q application/pdf  |u http://scans.hebis.de/HEBCGI/show.pl?40027530_toc.pdf  |3 Inhaltsverzeichnis 
924 0 |9 Mb 50  |a (DE-603)802079393  |b DE-Mb50  |c HES  |d c  |g 17.00657